| 000 | 00618nam a2200181Ia 4500 | ||
|---|---|---|---|
| 008 | 150610s9999 xx 000 0 und d | ||
| 020 | _a9789712723070 | ||
| 050 |
_aAS911 _b.R39 Q56 2010 |
||
| 100 | _aQuitain, Rosemarie Jane Aquino. | ||
| 245 | 2 |
_aA teaching manual on greatness of spirit / _cby Rosemarie Jane Aquino-Quitain. |
|
| 260 |
_aPasig City : _bAnvil, _c2010. |
||
| 300 |
_a171pages : _billustrations ; _c23 cm. |
||
| 504 | _aBased on the Great men and women of Asia book series. | ||
| 650 |
_aAwards _xAsia. |
||
| 650 |
_aBiography _xAsia. |
||
| 650 | _bMoral education. | ||
| 650 | _bValues education. | ||
| 999 |
_c288212 _d288212 |
||